Matematický koktail /

Gespeichert in:
Bibliographische Detailangaben
Hauptverfasser: Burjan, Vladimír (Verfasst von), Bero, Peter (Verfasst von), Černek, Pavol (Verfasst von)
Format: Buch
Sprache:Slowakisch
Veröffentlicht: Bratislava : Slovenské pedagogické nakladateľstvo, 1991
Schriftenreihe:Knižnica študujúcej mládeže
Tags: Tag hinzufügen
Keine Tags, Fügen Sie das erste Tag hinzu!

MARC

LEADER 00000nam a22000003a 4500
001 stu18001
005 20150617225756.7
008 911014s1991----cs------------------slo-d
020 |a 80-08-00520-3 
040 |a STU  |b slo 
041 0 |a slo 
044 |a cs 
080 |a 51  |7 stu_us_auth*stu8333 
100 1 |a Burjan, Vladimír  |4 aut 
245 1 |a Matematický koktail /  |c [aut.]Burjan,Vladimír, Bero,Peter, Černek,Pavol 
260 |a Bratislava :  |b Slovenské pedagogické nakladateľstvo,  |c 1991 
300 |a 257 s :  |b Lit.,index 
700 1 |a Bero, Peter  |4 aut 
700 1 |a Černek, Pavol  |4 aut 
830 0 |a Knižnica študujúcej mládeže 
996 |b C88629  |c C*88629  |l CCXX  |s P  |a 0  |w stu18001_0001